La obra literaria / (Registro nro. 54747)
[ vista simple ]
| 000 -LEADER | |
|---|---|
| campo de control de longitud fija | 02418nam a2200373 a 4500 |
| 001 - NÚMERO DE CONTROL | |
| campo de control | 54747 |
| 003 - IDENTIFICADOR DE NÚMERO DE CONTROL | |
| campo de control | AR-BaAGN |
| 005 - FECHA Y HORA DE LA ÚLTIMA TRANSACCIÓN | |
| campo de control | 20250715133051.0 |
| 007 - CAMPO FIJO DE DESCRIPCIÓN FÍSICA--INFORMACIÓN GENERAL | |
| campo de control de longitud fija | ta |
| 008 - DATOS DE LONGITUD FIJA--INFORMACIÓN GENERAL | |
| campo de control de longitud fija | s ag |||||r|||| ||| ||spa d |
| 020 ## - NÚMERO INTERNACIONAL ESTÁNDAR DEL LIBRO | |
| Número Internacional Estándar del Libro | 978-950-698-559-2 |
| 040 ## - FUENTE DE CATALOGACIÓN | |
| Centro catalogador/agencia de origen | AR-BaAGN |
| Lengua de catalogación | español |
| Normas de descripción | aacr |
| 942 ## - ELEMENTOS DE ENTRADA SECUNDARIOS (KOHA) | |
| Tipo de ítem Koha | Libro |
| Suprimir en OPAC | No |
| 100 10 - ENTRADA PRINCIPAL--NOMBRE DE PERSONA | |
| Nombre de persona | Gerchunoff, Alberto, |
| Fechas asociadas al nombre | 1883-1950 |
| ID autoridades | 102 |
| Término indicativo de función/relación | autor |
| 245 ## - MENCIÓN DEL TÍTULO | |
| Título | La obra literaria / |
| Mención de responsabilidad, etc. | Alberto Gerchunoff ; dirección de las obras completas: Mónica Szurmuk ; dirección del volumen: Melina Di Miro ; colaboraciones: Karina Galperin ... [et al.]. |
| 250 ## - MENCION DE EDICION | |
| Mención de edición | 1a ed. |
| 260 ## - PUBLICACIÓN, DISTRIBUCIÓN, ETC. | |
| Lugar de publicación, distribución, etc. | Paraná : |
| Nombre del editor, distribuidor, etc. | Universidad Nacional de Entre Ríos, UNER, |
| Fecha de publicación, distribución, etc. | 2023. |
| 300 ## - DESCRIPCIÓN FÍSICA | |
| Extensión | 784 páginas |
| Dimensiones | 23 cm. |
| 336 ## - TIPO DE CONTENIDO | |
| Código de tipo de contenido | texto |
| Fuente | rdacontent |
| 337 ## - TIPO DE MEDIO | |
| Código del tipo de medio | no mediado |
| Fuente | rdamedia |
| 338 ## - TIPO DE SOPORTE | |
| Código del tipo de soporte | volumen |
| Fuente | rdacarrier |
| 490 0# - MENCIÓN DE SERIE | |
| Mención de serie | Tierra de Letras |
| Designación de volumen o secuencia | 7 |
| 500 ## - NOTA GENERAL | |
| Nota general | Bibliografía: p. 727-730. |
| 500 ## - NOTA GENERAL | |
| Nota general | Notas: p. 731-782. |
| 500 ## - NOTA GENERAL | |
| Nota general | Incluye notas y referencias bibliográficas a pie de página. |
| 505 00 - NOTA DE CONTENIDO CON FORMATO | |
| Nota de contenido con formato | Introducción / Mónica Szurmuk -- Alberto Gerchunoff. La Obra Literaria -- Cuentos de ayer, las sutiles osadías de la escritura literaria / Melina Di Miro -- Cuentos de ayer / Alberto Gerchunoff -- La asamblea de la bohardilla: un debate imaginario sobre la realidad / Melina Di Miro -- La asamblea de la bohardilla / Alberto Gerchunoff -- Historias y proezas de amor y Pequeñas prosas: los años cosmopolitas de Alberto Gerchunoff / Karina Galperin -- Historias y proezas de amor / Alberto Gerchunoff -- Pequeñas prosas / Alberto Gerchunoff -- El hombre que escribió en Buenos Aires / Perla Sneh -- El hombre que habló en la Sorbona / Alberto Gerchunoff -- Ni Yrigoyen ni Uriburu: las importantes advertencias de un escritor responsable / Melina Di Miro -- El hombre importante / Alberto Gerchunoff -- La clínica del Doctor Mefistófeles: un nuevo texto fáustico en la literatura argentina / Lila Bujaldón de Esteves -- La clínica del Doctor Mefistófeles / Alberto Gerchunoff -- Misceláneas cotidianas y sensibles / Melina Di Miro -- Misceláneas / Alberto Gerchunoff -- Cronología -- Bibliografía básica -- Notas. |
| 600 14 - PUNTO DE ACCESO ADICIONAL DE MATERIA--NOMBRE DE PERSONA | |
| Nombre de persona | Gerchunoff, Alberto, |
| Fechas asociadas al nombre | 1883-1950 |
| ID autoridades | 102 |
| 655 ## - TERMINO DE INDIZACIÓN--GENERO/FORMA | |
| Término de género/forma | Narrativa Argentina |
| 700 1# - ENTRADA AGREGADA--NOMBRE PERSONAL | |
| Nombre de persona | Szurmuk, Mónica, |
| Fechas asociadas al nombre | 1961- |
| Término indicativo de función/relación | editor literario |
| -- | prologuista |
| 700 1# - ENTRADA AGREGADA--NOMBRE PERSONAL | |
| Nombre de persona | Di Miro, Melina |
| Término indicativo de función/relación | autor |
| -- | editor literario |
| 700 1# - ENTRADA AGREGADA--NOMBRE PERSONAL | |
| Nombre de persona | Bujaldón de Esteves, Lila |
| Término indicativo de función/relación | autor |
| 700 1# - ENTRADA AGREGADA--NOMBRE PERSONAL | |
| Nombre de persona | Galperin, Karina |
| Término indicativo de función/relación | autor |
| 700 1# - ENTRADA AGREGADA--NOMBRE PERSONAL | |
| Nombre de persona | Sneh, Perla, |
| Fechas asociadas al nombre | 1952- |
| Término indicativo de función/relación | autor |
| Estado de retiro | Estado de pérdida | Fuente del sistema de clasificación o colocación | Estado de conservación | Biblioteca actual | Ubicación en estantería | Signatura topográfica completa | Código de barras | Tipo de ítem Koha |
|---|---|---|---|---|---|---|---|---|
| Clasificación Decimal Dewey | Biblioteca del Archivo General de la Nación | AGN - Biblioteca | AGN-22461 | 1368 | Libro |
